| 000 | 00388nam a2200169Ia 4500 | ||
|---|---|---|---|
| 008 | 221030s9999 xx 000 0 und d | ||
| 020 | _a8122420613 | ||
| 041 | _aEnglish | ||
| 082 | _a105.23 | ||
| 100 | _aB. R. Gupta | ||
| 245 | 0 | _aEnergy Conversion | |
| 260 |
_bNew Age International Pub. _aNew Delhi _c2007 |
||
| 300 | _a575 | ||
| 650 | _aEE | ||
| 700 | _aV. Singhal | ||
| 942 | _cBK | ||
| 999 |
_c5752 _d5752 |
||